Sequential analysis and optimal design.
Guardado en:
| Autor Principal: | |
|---|---|
| Formato: | Libro |
| Idioma: | English |
| Publicado: |
Philadelphia :
Society for Industrial and Applied Mathematics,
[1972]
|
| Series: | Regional conference series in applied mathematics ;
8 |
| Materias: | |
| Etiquetas: |
Agregar Etiqueta
Sin Etiquetas, Sea el primero en etiquetar este registro!
|
| LEADER | 00836cam a2200229 a 4500 | ||
|---|---|---|---|
| 001 | MAT.inmabb005948 | ||
| 008 | 730314s1972####paua#####b####100#0#eng## | ||
| 005 | 20151105161050.0 | ||
| 245 | 1 | 0 | |a Sequential analysis and optimal design. |
| 260 | |a Philadelphia : |b Society for Industrial and Applied Mathematics, |c [1972] | ||
| 300 | |a v, 119 p. : |b il. ; |c 26 cm. | ||
| 440 | 0 | |a Regional conference series in applied mathematics ; |v 8 | |
| 500 | |a "Prepared for a series of lectures ... Las Cruces, New Mexico, during December, 1972." | ||
| 504 | |a Bibliografía: p. 117-119. | ||
| 510 | 4 | |a MR, |c 46 #8359 | |
| 100 | 1 | |a Chernoff, Herman. | |
| 650 | 0 | |a Optimal designs (Statistics) | |
| 650 | 0 | |a Sequential analysis. | |
| 084 | |a 62L10 (62K05) |2 msc2000 | ||
| 010 | |a 73155622 | ||
| 040 | |a DLC |c DLC |d DLC | ||
| 859 | |h 62 |i C521s |p A-4746 |b BIB. MATEMATICA | ||
